Music Quiz

Random Music or Bands Quiz

Bands & Musicians by Song: 'D' Quiz Stats

 Plays Quiz Updated Jul 23, 2017

Support Sporcle.
Go Orange.
Score 0/20 Timer 05:00
2 Plays Today
% Correct
Dion, Celine - My Heart Will Go On
90.6%
Dr. Dre - Still D.R.E.
84%
Diamond, Neil - Sweet Caroline
82.9%
Destiny's Child - Say My Name
81.3%
The Doors - Riders on the Storm
79.8%
Drifters - Under the Boardwalk
79.5%
Doris Day - Que Sera Sera
78.9%
Deep Purple - Smoke on the Water
78.8%
Dylan, Bob - Knockin' on Heaven's Door
77.2%
Dire Straits - Sultans of Swing
76.1%
% Correct
Dido - Thank You
74.9%
DMX - X Gon' Give It To Ya
70%
Duran Duran - The Wild Boys
68.6%
Def Leppard - Pour Some Sugar on Me
65.7%
Dixie Chicks - Not Ready to Make Nice
62.6%
Daft Punk - Around The World
59.1%
Depeche Mode - Enjoy the Silence
58.6%
Darude - Sandstorm
55.5%
Davis, Miles - Seven Steps to Heaven
53.6%
Dream Theater - Pull Me Under
49.2%

You're not logged in!

Compare scores with friends on all Sporcle quizzes.
OR
Log In
Forgot?

From the Vault

Yes, This is a Typing Challenge

by SilverEuropium

And yes, it will be challenging.
Remove Ads.
Support Sporcle.
Get the best of Sporcle when you Go Orange. This ad-free experience offers more features, more stats, and more fun while also helping to support Sporcle. Thank you for becoming a member.

Show Comments

Extras

Top Quizzes Today


Score Distribution

Your Account Isn't Verified!

In order to create a playlist on Sporcle, you need to verify the email address you used during registration. Go to your Sporcle Settings to finish the process.

Report this User

Report this user for behavior that violates our Community Guidelines.

Details: